| 000 | 00362nam a2200145Ia 4500 | ||
|---|---|---|---|
| 003 | OSt | ||
| 008 | 191201s2015 xx 000 0 und d | ||
| 082 |
_a621.43 _bPUE |
||
| 100 | _aPULKRABEK, willard W | ||
| 245 | 0 | _aEngineering Fundamental of the Internal Combustion Engine | |
| 260 |
_bPearson _c2015 |
||
| 300 | _a484 | ||
| 650 | _aB.Tech(ME) | ||
| 942 |
_2ddc _cBK |
||
| 999 |
_c6834 _d6834 |
||